000
00330nam a2200109Ia 4500
008
151021s9999 xx 000 0 und d
245
_a
_Strategic plan 2008/9-2012/3 ministry of planning
260
_a
Nairobi ministry of planning 2009
300
_a
vii,57p.;ill
650
_a
_Strategic plan
980
_a
^d20110513 10:41:41^oanne
999
_c
7261
_d
7261